|
|
|
|
| LEADER |
00000cam a2200000 a 4500 |
| 001 |
vtls001094749 |
| 003 |
SK-MaSNL |
| 005 |
20260301233113.0 |
| 008 |
240226s1985 xo oa r 000 0 slo |
| 015 |
|
|
|a SNBA1985/07
|
| 020 |
|
|
|q (viazané)
|
| 035 |
|
|
|a SNK000037591
|
| 035 |
|
|
|a 6DF9D9EF-0DC9-48F4-A6F5-520CB8E1A738
|
| 035 |
|
|
|a urn:nbn:sk:snk-am00iidy
|
| 040 |
|
|
|a SNK
|b slo
|c SNK
|e AACR2
|
| 041 |
1 |
|
|a slo
|h cze
|
| 044 |
|
|
|a xo
|c SK
|
| 072 |
|
7 |
|a 37.016
|x Učebné osnovy. Vyučovacie predmety. Učebnice
|2 konspekt
|
| 080 |
|
|
|a 616.31-77
|2 2001
|
| 080 |
|
|
|a (075.3)
|2 2011
|
| 245 |
0 |
0 |
|a Zhotovovanie stomatologických protéz
|n 1
|c Jiří Bittner, Mojmír Vacek, Miroslav Šišma, Josef Novák ; [preložil Jozef Gordan]
|
| 250 |
|
|
|a 1. vyd.
|
| 260 |
|
|
|a Martin
|b Osveta
|c 1985
|e Banská Bystrica
|f Tlačiarne SNP
|
| 300 |
|
|
|a 287 s.
|b fotografie, ilustrácie
|c 22 cm
|
| 366 |
|
|
|e 1500 výtl.
|
| 490 |
1 |
|
|a Učebnice pre stredné zdravotnícke školy
|
| 500 |
|
|
|a Schválené Minist. zdravot. SSR ako učeb. pre SZŠ, odbor zubných laborantov.
|
| 500 |
|
|
|a Preložené pravdepodobne z češtiny
|
| 650 |
0 |
7 |
|a stomatologické protézy
|2 SNKPH
|9 106206
|
| 650 |
0 |
7 |
|a Stomatological prosthesis
|2 SNKPHeng
|9 278787
|
| 655 |
|
7 |
|a učebnice stredných škôl
|2 SNKPH
|9 69323
|
| 655 |
|
7 |
|a Textbooks (secondary)
|2 SNKPHeng
|9 276359
|
| 700 |
1 |
|
|a Bittner, Jiří,
|d 1930-2017
|4 aut
|9 278788
|
| 700 |
1 |
|
|a Vacek, Mojmír,
|d 1930-1985
|4 aut
|9 117059
|
| 700 |
1 |
|
|a Šišma, Miroslav
|4 aut
|9 278789
|
| 700 |
1 |
|
|a Novák, Josef
|4 aut
|9 6002
|
| 700 |
1 |
|
|a Gordan, Jozef
|4 trl
|9 278790
|
| 830 |
|
0 |
|a Učebnice pre stredné zdravotnícke školy
|9 277008
|
| 852 |
|
|
|a Slovenská národná knižnica
|
| 954 |
|
|
|a odborná, vedecká literatúra cudzojazyčná (svetová)
|2 lita
|
| 958 |
|
|
|a OND
|
| 958 |
|
|
|a CZ
|
| 958 |
|
|
|a UC
|
| 958 |
|
|
|a TL
|
| 958 |
|
|
|a OP
|
| 958 |
|
|
|a EUIPO
|
| 968 |
|
|
|a SLO
|b ČES
|
| 999 |
|
|
|c 964539
|d 966469
|
| 952 |
|
|
|a SNK
|b SNK
|y VYP
|7 0
|p 17A0076524
|o snkSC 63523/1 D1
|0 0
|1 0
|4 0
|d 1997-06-28
|l 0
|r 2004-12-31 00:00:00
|w 2026-02-24
|
| 952 |
|
|
|a SNK
|b SNK
|y PREZ
|7 0
|p 17A0916856
|o snkSC 63523/1
|i snkKSP 4725/85
|0 0
|1 0
|4 0
|d 2012-08-07
|f 1
|l 0
|r 2025-06-24 00:00:00
|w 2026-02-24
|